000 00207 a2200097 4500
001 57127
100 _a
245 _aTerrorism Today
260 _aNew york
_bRoutledge
_c2002
090 _c35058
_d35058
942 _aNUST-CAE
_cMONOGRAPH
_c27845
999 _c292200
_d292200